Normal view MARC view
  • Bilgen, Ayhan,

Entry Personal Name

Number of records used in: 1

001 - CONTROL NUMBER

  • control field: 120673

003 - CONTROL NUMBER IDENTIFIER

  • control field: TR-AnTOB

005 - DATE AND TIME OF LATEST TRANSACTION

  • control field: 20190408222015.0

008 - FIXED-LENGTH DATA ELEMENTS

  • fixed length control field: 151230n| azannaabn |n aaa c

010 ## - LIBRARY OF CONGRESS CONTROL NUMBER

  • LC control number: no2015171186

035 ## - SYSTEM CONTROL NUMBER

  • System control number: (OCoLC)oca10354143

040 ## - CATALOGING SOURCE

  • Original cataloging agency: NjP
  • Language of cataloging: eng
  • Description conventions: rda
  • Transcribing agency: NjP
  • Modifying agency: TR-AnTOB

100 1# - HEADING--PERSONAL NAME

  • Personal name: Bilgen, Ayhan,
  • Dates associated with a name: 1971-

374 ## - OCCUPATION

  • Occupation: Journalists
  • Source of term: lcsh

375 ## - GENDER

  • Gender: male

377 ## - ASSOCIATED LANGUAGE

  • Language code: tur

670 ## - SOURCE DATA FOUND

  • Source citation: Türkiye'de İslam ve sol, 2014:
  • Information found: title page (Ayhan Bilgen) page 1 (journalist)
Devinim Yazılım Eğitim Danışmanlık tarafından Koha'nın orjinal sürümü uyarlanarak geliştirilip kurulmuştur.